| 000 | 00677nam a22001937a 4500 | ||
|---|---|---|---|
| 005 | 20170501103823.0 | ||
| 020 |
_a9788184001440 _c250.00 |
||
| 035 | _aB-667554 | ||
| 037 |
_bKBD/Ven _adpl |
||
| 082 | _aS | ||
| 100 | _aChatterji, Bankim Chandra | ||
| 245 |
_aMonto : _ctranslated by Aatish Taseer _bselected short stories / |
||
| 260 |
_aGurgaon _bPenguin Random _c2012 |
||
| 270 |
_a7th Floor, Infinity Tower C, DLF Cyber City, _bGurgaon _e122002 |
||
| 300 |
_a158p. _c21cm(pbk) |
||
| 700 | _aTaseer, Aatish | ||
| 942 |
_2ddc _cEN _hS _mCHA |
||
| 999 |
_c139378 _d139378 |
||